000 00615nam a2200229Ia 4500
003 OSt
005 20220918180611.0
006 a|||||r|||| 00| 0
007 ta
008 220917b |||||||| |||| 00| 0 eng d
024 _a23,047
037 _cTextual
040 _aARTS
_cARTS
_beng
041 _2eng
_aeng
082 _aO111,6L09w, E8
100 _aBoswell James
_917488
245 0 _aLife of Samuel Johnson
_b Selections chosen and ed by R W Chapman
260 _c1918
650 _aENGLISH LITERATURE
942 _hO111,6L09w, E8
_cTEXL
_2CC
999 _c162190
_d162190